logo

Bir Sreshtho Munshi Abdur Rouf Library
Jhenaidah Cadet College

Physics / (Record no. 8319)

MARC details
000 -LEADER
fixed length control field 00642nam a2200253 a 4500
001 - CONTROL NUMBER
JCCL Control Number 8319
003 - CONTROL NUMBER IDENTIFIER
JCCL marc code BD-JhCC
005 - DATE AND TIME OF LATEST TRANSACTION
control field 20211111134021.0
008 - FIXED-LENGTH DATA ELEMENTS--GENERAL INFORMATION
fixed length control field 180222s19602005xxua|||| || | 001 0 eng d
035 ## - SYSTEM CONTROL NUMBER
system control number (BD-JhCC)8319
040 ## - CATALOGING SOURCE
Original cataloging agency BD-JhCC
Modifying agency BD-JhCC
041 ## - LANGUAGE CODE
Language code of Book eng
082 ## - DEWEY DECIMAL CLASSIFICATION NUMBER
Classification number 530
Author mark and Year HAI 2005
100 ## - MAIN ENTRY--PERSONAL NAME
Personal name Haillliday, David
245 ## - TITLE STATEMENT
Title Physics /
Statement of responsibility, etc David Haillliday and Robert Resnick
250 ## - EDITION STATEMENT
Edition statement 5th ed.
260 ## - PUBLICATION, DISTRIBUTION, ETC. (IMPRINT)
Place of publication, distribution, etc Toronto :
Name of publisher, distributor, etc John Willey &, Inc.
Date of publication, distribution, etc 2005.
300 ## - PHYSICAL DESCRIPTION
Pagination 1198 p. :
Other physical details ill. ;
Dimensions 23 cm.
504 ## - BIBLIOGRAPHY, ETC. NOTE
Bibliography, etc Includes Index
650 ## - SUBJECT ADDED ENTRY--TOPICAL TERM
Topical term or geographic name as entry element Physics
700 ## - ADDED ENTRY--PERSONAL NAME
Personal name Kenneth S. Krane
942 ## - ADDED ENTRY ELEMENTS (KOHA)
Source of classification or shelving scheme Dewey Decimal Classification
Koha item type Books
Koha issues (borrowed), all copies 3
Holdings
Source of classification or shelving scheme volume number Damaged status Not for loan Home library Current library Shelving location Date of accession Total Checkouts Full call number Barcode Date last seen Date checked out Copy number Koha item type
Dewey Decimal Classification V-2     JCC Rouf Library JCC Rouf Library General Stacks 02/22/2018 4 530 HAI 2005 10836 05/21/2025 04/08/2025 C-1 Books

JCC Library | Contacts | JCC Home

Last Update on 23 September 2017
Copyright @ 2017-2020 JCC Rouf Library
Rouf Library, Jhenidah Cadet College (JCC), Bangladesh